01906nam a2200289 i 450000500170000000800410001702000150005804000350007304100080010808200200011610000350013624500990017125000460027026400780031630000470039433600270044133700330046833800280050149000290052950000210055850400420057950504670062152004050108865000400149365000370153365000460157020220316235227.0121119s2002 ck d gs 001 0 spa d a9584203770 aCO-BoRNBPbspacCO-BoRNBPerda aspa04a338.17373bP14c1 aPalacios, Marco,d1944-eautor13aEl café en Colombia 1850-1970buna historia económica, social y políticacMarco Palacios aTercera edición corregida y actualizada 1aBogotábPlanetabEl Colegio de MéxicobUniversidad de Los Andesc2002 a528 páginasbGráficas y tablasc24 cm. atextobtxt2rdacontent asin mediaciónbn2rdamedia avolumenbnc2rdacarrier aLa línea del horizonte aIncluye índice aIncluye referencias bibliográficas  aParte 1. ¡A sembrar café! el internacionalismo capitalista y las clases altas colombianas (c1850-1900). -- Parte 2. Los primeros territorios del café. Haciendas frágiles y campesinados en busca de raíces (c1870-1940). -- Parte 3. El despegue cafetero. Capitalismo internacional regulado, colonizaciones y conflictos por la tierra (c1907-1940). -- Parte 4. El café colombiano en el siglo XX. Las bases políticas y de poder del liberalismo económico3 aDurante la mayor parte del siglo XX, Colombia fue el segundo productor mundial del café y el primero de cafés suaves. Marco Palacios explora en este libro- considerando uno de los aportes fundamentales a la historiografía colombiana producidos en las últimas décadas- las implicaciones que el café tuvo en la sociedad, la economía y la política desde mediados del siglo XIX hasta 1970142LEMBaCaféxAspectos económicos142LEMBaCaféxHistoriazColombia142LEMBaCaféxAspectos socialeszColombia